| 000 | 02025nam0a2200433 4500 | ||
|---|---|---|---|
| 001 | RU\NLR\bibl\1507925 | ||
| 005 | 20260405204450.0 | ||
| 010 |
_a978-5-17-056412-5 _bАСТ |
||
| 010 |
_a978-5-17-056412-5 _bАСТ _97000 |
||
| 021 |
_aRU _b2010-22765 _91529 |
||
| 035 | _a(nilc)LIBNET\0000044003 | ||
| 035 | _aRUM0065396 | ||
| 035 | _a(NLR Aleph) 001499337 | ||
| 090 |
_a1792099 _c1792099 |
||
| 100 | _a20100421d2010 |||y0rusy50 ca | ||
| 101 | 0 | _arus | |
| 102 | _aRU | ||
| 105 | _aa ||||||||| | ||
| 200 | 1 |
_a10 шагов к успеху начинающего виноградаря. Вся средняя полоса России и Урал _eсоветы практика для дачников и садоводов _fВиктор Жвакин |
|
| 210 |
_aМосква _cАСТ _cАстрель _aВладимир _cВКТ _d2010 |
||
| 215 |
_a91, [3] с. _cил. _d20 |
||
| 320 | _aБиблиогр. в конце кн. (8 назв.) | ||
| 606 | 1 |
_aВиноградная лоза _xКультура на приусадебных участках _yУрал _92549220 _3RU\NLR\auth\661508589 |
|
| 606 | 1 |
_aВиноградная лоза _xКультура на приусадебных участках _yРоссийская Федерация _yЕвропейская часть _yЦентр _92501182 _3RU\NLR\auth\661483443 |
|
| 610 | 0 |
_aвиноград _aVitis vinifera _aуход за растениями _aприусадебные участки |
|
| 675 |
_a634.8.018 _v4 |
||
| 686 |
_a75.35.35.25 _2rugasnti |
||
| 686 |
_a68.35.55.13 _2rugasnti |
||
| 686 | _aП26,1(2Р36) | ||
| 686 | _aП26,1(2Р34) | ||
| 700 | 1 |
_4070 _7ca _8rus _aЖвакин _bВ. В. _f1949- _gВиктор Владимирович _974687 _3RU\NLR\AUTH\7791760 |
|
| 801 | 0 |
_aRU _bЦНСХБ РАСХН _c20100421 _gRCR |
|
| 801 | 1 |
_aRU _bЦНСХБ РАСХН _c20100421 _gRCR |
|
| 801 | 2 |
_aRU _bЦНСХБ РАСХН _c20100623 |
|
| 801 | 2 |
_aRU _bNLR _c20100505 _grcr |
|
| 942 | _cBOOK | ||
| 980 | _aNB | ||